[Event "Match 69_120'/40"]
[Site "Zürich"]
[Date "2022.??.??"]
[Round "24"]
[White "Mephisto Almeria 68000"]
[Black "Excel Mach III 68000"]
[Result "1-0"]
[WhiteElo "2079"]
[BlackElo "2021"]
[Annotator "KUT"]
[PlyCount "115"]
[EventDate "2022.??.??"]

{[%evp 0,115,19,29,33,19,17,15,25,30,30,18,1,-1,-1,-4,-5,-1,3,-3,-6,-8,9,19,20,
24,24,24,22,-54,-20,-24,-13,0,1,15,22,43,43,38,60,51,60,56,71,27,51,56,51,121,
28,99,126,155,154,146,182,167,161,166,202,185,185,185,197,198,247,250,229,216,
227,190,193,189,189,189,185,205,203,201,207,224,243,246,240,262,272,272,281,
241,281,252,328,328,323,365,372,389,405,418,414,422,420,424,432,438,454,450,
460,483,485,458,502,583,607,626,640,702]} 1. e4 e5 {Match 120'/40 | Bediener:
Rolf Bühler | 24. Partie: Weiss (Almeria 16-bit) gewinnt | Zwischenstand: 13,
0-11,0 (54,2%) für den Mephisto Almeria 68000 | Die Spanische
Abtauschvariante 4.Lxc6 dxc6 hat Bobby Fischer mit 5.0-0 wieder populär
gemacht und zwar sehr erfolgreich; ich habe 11 Partien gefunden, in denen er 9,
5 Punkte geholt hat. In der Partie wählt der Mephisto Almeria 68000 indessen
die ruhige Variante mit 5.d3 und erlaubt so dem Gegner ausgeglichenes Spiel.
In der Folge darf man die bekannten Stärken des Programms von Richard Lang
bewundern, indem der Mephisto Almeria 68000 seinen Gegner auf unscheinbare Art
und Weise überspielt, ohne dass der Fidelity Excel Mach III 68000 einen
wirklich gravierenden Fehler begeht. Für Kenner ein hübsches Beispiel, dass
für den Partiegewinn nicht zwingend Donner und Blitz erforderlich sind,
sondern es genügt, ab und zu eine etwas bessere Fortsetzung als vom Gegner
erwartet zu spielen.} 2. Nf3 Nc6 3. Bb5 a6 4. Bxc6 dxc6 5. d3 {Die weisse
Gewinnquote mit dieser zahmen Fortsetzung liegt je nach Datenbank zwischen 30%
bis 44%, was vor allem auch damit zusammenhängt, dass die Nachziehenden
durchschnittlich die stärkeren Spieler waren.} Bd6 6. Nbd2 {***ENDE BUCH***}
f6 7. O-O Ne7 8. Nc4 Be6 {***ENDE BUCH***} 9. Be3 O-O {Mit dem gewählten
ruhigen Aufbau in der Eröffnung sind die beidseitigen Chancen ausgeglichen.
Der Kampf soll ins Mittelspiel verlegt werden. Eine heute auch in GM-Partien
beliebte Strategie, wobei der seit 2013 amtierende Schachweltmeister Magnus
Carlsen ein gutes Vorbild abgibt.} 10. Nfd2 b5 {Das ist der Unterschied
zwischen Menschen und antiken Schachcomputern. Der menschliche Spieler würde
sich diesen Vorstoss 10x überlegen, um die Stärken und Schwächen der
freiwerdenden dunkelfarbigen Felder abzuschätzen. Der Mach III führt
hingegen den Bauernvorstoss aus in der falschen Erwartung von 11.Sxd6 cxd6,
wonach die schwarze Bauernstruktur wieder im Lot wäre. Ein Mensch würde
daher eher zu 10...a5 greifen, was die Gelüste des gegnerischen Springers auf
das Feld a5 unterbindet. Auch 10...Sg6, gegen f2-f4 gerichtet, ist eine
Überlegung wert. Und selbst 10...c5 bleibt eine Option, was das wichtige
Zentralfeld d4 kontrolliert und später u.U. den Vorstoss ...b5 kräftiger
unterstützen würde.} 11. Na5 Qe8 12. Ndb3 Qg6 13. Qd2 f5 14. exf5 {Diese
Öffnung der Stellung kommt eher dem Schwarzen zugute mit seiner halboffenen
f-Linie und Läuferpaar.} Nxf5 15. f3 Bd5 {Das bringt keinen Nutzen, wie die
Antwort zeigt.} (15... Nh4 $5 {ist ein menschlicher Ansatz und ein lästiger
Zug, der auch ...Lh3 droht und Weiss zwingt zu} 16. Kh1 {wonach} Bd5 $17 {
eine kräftige Antwort darstellt und einen schwarzen Vorteil manifestiert,
obwohl der Mach III und viele andere Oldies wohl daran scheitern würden, hier
Fortschritte zu machen.}) 16. c4 {Die einzige Verteidigung. Macht Weiss
beispielsweise einen unbekümmerten "Nullzug" wie 16.a3, so gerät er nach 16..
.Sh4! bereits in eine unhaltbare Situation.} Bb4 17. Qf2 (17. Qxb4 {wäre
falsch} Nxe3 18. Rf2 Rxf3 $19 {mit entscheidendem Vorteil für Schwarz}) 17...
Bf7 {Verpasst die Feinheit, sich mit 17...Sxe3 das Läuferpaar zu sichern.} 18.
Bc5 Bxc5 19. Nxc5 {Nun stehen die weissen Figuren recht gut und der möglich
gewesene geringe Vorteil von Schwarz hat sich völlig verflüchtigt. Die
schwarzen Bauern a6 und c6 bleiben bedroht, während sich die Bauernschwächen
d3 und e5 in etwa die Waage halten.} Rfe8 20. Rac1 {Weiss will auf der c-Linie
Druck ausüben.} Kh8 {Ein Zug, der aufzeigt, dass keine zweckmässige - von
planvoll gar nicht zu reden - Fortsetzung gefunden werden konnte. Zur
Ehrenrettung des Mach III darf nicht unerwähnt bleiben, dass es Schwarz in
der Tat nicht einfach hat, vernünftige Alternativen zu finden, zumal das
aktive 20...Tad8!? aus Programmsicht zu völlig unklaren Verwicklungen unter
Hergabe eines Bauern führen würde.} 21. Rfe1 Qh6 22. b3 Nd4 23. Qe3 (23. Re3
{vermag besser zu gefallen: der Turm deckt den d3-Bauer und erlaubt, Tce1 mit
Druck gegen e5 folgen zu lassen.}) {[#]} 23... Qd6 $2 {Diese unscheinbare
Ungenauigkeit legt den Grundstein für den Partieverlust. Meine Prüfung unter
CB-Emu ergibt, dass der Mach III selbst nach 25 Min an 23...Dd6 festhält in
Erwartung von 24.b4 bei Suchtiefe 3/7 mit leicht positiver Bewertung 0.05. Ob
das Programm später vom Textzug doch noch abrückt, habe ich nicht weiter
untersucht. Der ebenfalls untersuchte Almeria 16bit hätte mit 23...Dxe3 die
Damen getauscht und sieht Schwarz bei ST 5/13 mit -1.15 im Nachteil.} (23...
Qg6 {ist aus 3 Gründen besser: Verliert keinen Bauern; drückt auf den
d3-Bauern und beschränkt Weiss in seinen Handlungsmöglichkeiten, weil immer .
..Sxf3 zu berücksichtigen ist.}) 24. Nab7 Qg6 25. Nd7 {Nun kann Schwarz
Bauernverlust nicht mehr verhindern, wobei es diverse
Verteidigungsmöglichkeiten gibt.} Re7 $6 {Der Mach III trifft die falsche
Wahl und gerät von einer ungünstigen in eine sehr schlechte Stellung.
Interessanter Vergleich mit CB-Emu: Bis 10m45s wird 25...bxc4, ST 5/7,
Bewertung -0.63, bevorzugt. Erst bei ST 6/7 erfolgt der Wechsel zu 25...Te7
mit bald gesunkener Bewertung von -0.24.} (25... bxc4 26. bxc4 c5 $1 {leistet
den stärksten Widerstand, obwohl am deutlichen Übergewicht von Weiss nicht
zu zweifeln ist.}) 26. Nxe5 {Mit Angriff auf die Dg6 und den Sd4, der sich
durch ein schwarzes Damenmanöver nicht schützen lässt. Somit ist die
folgende Antwort erzwungen.} Rxe5 27. Qxd4 {Dem weissen Bauernplus mit solider
Bauernstruktur steht die geschwächte schwarze Bauernstellung gegenüber.
Schwarz hat nur bei unsorgfältigem Spiel des Gegners noch Chancen auf Rettung.
} ({Aber nicht} 27. Qxe5 $4 Nxf3+ 28. Kh1 Nxe5 $19 {und Schwarz gewinnt.})
27... Rg5 28. Rc2 Rf5 29. Kh1 {Behebt ein- für allemal die Drohung ...Txf3.}
Re8 {Dieses Tauschangebot kommt lediglich dem Gegner zugute, wie die Engines
meinen. Aus Sicht unserer antiken Geräte ist der Zug jedoch verständlich,
weil man dem Gegner nicht gerne die völlige Kontrolle über eine offene Linie
gestatten will. Und schliesslich verdient der Mach III hier auch keinen Tadel,
weil die Engines selbst bei bester Verteidigung keine echte Rettung für
Schwarz aus dem Hut zaubern können.} 30. Rxe8+ Bxe8 31. Re2 bxc4 32. dxc4 Rf6
33. Nc5 (33. Qe4 {Diese Gelegenheit zum erzwungenen Damentausch - Dg6 und Le8
sind gleichzeitig angegriffen und der Läufer gar doppelt - nutzt der Almeria
68000 nicht.} Rf8 34. Qxg6 Bxg6 35. Kg1 $18) 33... Rd6 34. Qa1 a5 35. Nb7 Re6
36. Rxe6 Qxe6 37. Nxa5 {Der zweite Mehrbauer mit klarer Gewinnstellung für
Weiss. Der Mach III hat nur noch eine praktische Chance, falls es ihm gelingen
sollte, mit der Dame ein Dauerschach zu erzielen. Dazu braucht es indessen die
kräftige Hilfe des Gegners.} Qe3 38. h3 Kg8 39. a4 g6 40. Qg1 Qc3 41. Qc5 Qc1+
42. Kh2 Qf4+ 43. Kg1 Bd7 44. Qe7 Qd4+ 45. Kh1 Qd1+ 46. Kh2 Qd6+ 47. Qxd6 {
Mit diesem Abtausch macht sich Weiss den Weg frei für die Bildung von zwei
verbundenen Freibauern am Damenflügel durch b3-b4-b5.} cxd6 48. b4 Kf7 49. b5
cxb5 50. cxb5 Ke6 51. b6 Bc8 52. b7 Bxb7 53. Nxb7 Kd5 54. Kg3 Kc6 55. Nd8+ {
Vom Almeria 68000 hätte ich eigentlich den Übergang in ein leicht zu
gewinnendes Bauernendspiel mit 55.Sxd6! erwartet.} Kb6 56. Ne6 d5 57. Nf8 d4
58. Nxh7 {***AUFGEGEBEN***} 1-0

[Event "Match 69_120'/40"]
[Site "Zürich"]
[Date "2022.??.??"]
[Round "26"]
[White "Mephisto Almeria 68000"]
[Black "Excel Mach III 68000"]
[Result "1-0"]
[WhiteElo "2079"]
[BlackElo "2021"]
[Annotator "KUT"]
[PlyCount "52"]
[EventDate "2022.??.??"]

{[%evp 0,52,19,38,25,16,14,23,25,0,4,-78,4,4,20,-128,-122,-128,17,-73,-22,111,
136,122,166,123,171,144,202,217,385,248,197,226,227,231,231,232,526,553,638,
660,632,674,822,822,830,1002,1007,1044,1328,1386,1514,1581,1581]} 1. e4 e5 {
Match 120'/40 | Bediener: Rolf Bühler | 26. Partie: Weiss (Almeria 16bit)
gewinnt | Zwischenstand: 15,0-11,0 (57,6%) für den Mephisto Almeria 68000 |
Die Variante 5.d4 im geschlossenen Spanier führt zu ungewöhnlichen
Stellungen, deren richtige Behandlung beiden Programmen abgeht. So ist es
vorerst der Mephisto Almeria 68000, welcher mit der schlechten Fortsetzung 7.
Lxb5? danebengreift und dafür kurz nach der Eröffnung hätte bestraft werden
können. Infolge zu materialistischer Einstellung verwirft der Mach III 68000
die beste Entgegnung und erreicht trotz zwei etwas seltsam anmutenden Zügen
den Ausgleich. Nur um diesen wieder wegzuwerfen und durch die Öffnung der
e-Linie, wo seine Dame und König stehen, in grösste Verlustgefahr zu geraten.
So genügt eine weitere Ungenauigkeit, dass der Mephisto Almeria 68000 mit
Dame gegen Turm und Läufer zu einem Mattangriff kommt. Eine Nachanalyse mit
Mephisto Almeria 68000 unter CB-Emu ergab, dass sich das Programm von Richard
Lang bei Farbwechsel mit Schwarz nach 8.Dxe4 mit 8...d5! viel besser als sein
amerikanischer Gegner verhalten hätte. Ein gutes Beispiel mehr, um
aufzuzeigen, dass der Mephisto Almeria 68000 schlicht die feinere Klinge
führt als das Programm von Kathe & Dan Spracklen.} 2. Nf3 Nc6 3. Bb5 a6 4. Ba4
Nf6 5. d4 Nxe4 6. Qe2 {***ENDE BUCH***} b5 {***ENDE BUCH***[#]} 7. Bxb5 $2 {
Schon der erste Zug nach Buchende ist Bockmist und nur zu schwarzem Vorteil
führend. Diverse Fortsetzungen wie 7.d5 / 7.Dxe4 / 7.Sxe5 / 7.Lb3 sind alle
wesentlich besser.} (7. Qxe4 {hätte der Mach III 68000 mit Weiss als letzten
Buchzug gespielt.}) 7... axb5 $17 {Nun besitzt Schwarz eine deutlich
überlegene Stellung.} 8. Qxe4 Qe7 $2 {Typisches "Dschungelschach" des
Fidelity-Programms, obwohl - das sei zugegeben - eine direkte Widerlegung
nicht zu sehen ist, was nach der zweitklassigen Fortsetzung 7.Lxb5 auch nicht
weiter verwunderlich ist. Indessen verpasst es Schwarz, die Initiative zu
ergreifen und spürbaren Vorteil zu erzielen.} (8... d5 $1 {Auch diesen Zug
hätte sich der Mephisto Almeria 68000 nicht entgehen lassen.} 9. Qe2 {Mach
III hat diese Stellung völlig falsch eingeschätzt und vornehmlich materielle
Gesichtspunkte berücksichtigt, sieht dabei also nur den Doppelangriff dxe5
und Dxb5, erwartet also nicht die starke Erwiderung} e4 $1 {wegen} 10. Qxb5 {
und übersieht erst recht die starke Antwort} Qd7 {mit der Drohung ...exf3 und
...Sxd4, und wie auch Weiss reagiert, bekommt Schwarze eine prächtige
Stellung.} 11. Qe2 Ba6 12. Qe3 Qg4 13. Qg5 Qe6 14. Ng1 Nxd4 15. Kd1 h6 $19 {
und Schwarz steht überwältigend, so dass Weiss nur noch ein Wunder retten
könnte.}) 9. Nc3 $11 {Ausgelassene Chancen kehren selten wieder und mit
diesem Entwicklungszug ist für Weiss wieder alles im Lot.} f5 {Vernünftiger
sieht 9...exd4 aus, aber das amerikanische Programm liebt es komplizierter.}
10. Qxf5 (10. Qd5 {ist vorsichtiger} e4 11. Ne5 Ra5 12. Nxc6 dxc6 13. Qxc6+ Qd7
14. Qxd7+ Bxd7 15. Nd5 $14 {leichter Vorteil für Weiss}) {[#]} 10... exd4+ $2
{Mit dieser Öffnung der e-Linie erweist sich Schwarz einen Bärendienst. Die
ganze damit verbundene Abwicklung kann der Mach III mit seiner beschränkten
Rechentiefe jedoch nicht überblicken.} (10... Nxd4 {ist echt besser und wäre
auch die Wahl des Programms von Richard Lang gewesen.} 11. Nxd4 exd4+ 12. Kd1
d5 13. Qxd5 Bg4+ 14. f3 Rd8 15. Re1 Bxf3+ 16. gxf3 dxc3 17. Rxe7+ Bxe7 18.
Qxd8+ Kxd8 $11 {ausgeglichen}) 11. Kd1 {Droht den weissen Turm nach e1 zu
bringen.} g6 {Besser ...Df7 oder ...Df6; Schwarz tut alles, um seine Stellung
zu schwächen.} 12. Qd5 dxc3 13. Re1 Qxe1+ 14. Kxe1 {Die Lage hat sich
geklärt: Weiss hat die Dame gegen Turm und Läufer, was für Schwarz in
dieser Stellung bei weitem nicht genügend Kompensation ist.} Ba6 15. Ne5 {
Es führen schon mehrere Wege zum Sieg.} O-O-O 16. Nxc6 dxc6 17. Qxc6 {Schwarz
hat nun keine Zeit für ...cxb2, weil sein La6 mit Schachgebot geschlagen
werden kann.} Bb7 18. Qxc3 Bxg2 19. Bf4 {Mit Mattdrohung auf c7.} c6 20. f3 $1
{Das gewinnt noch weiteres Material. Der schwarze König muss seinen c6-Bauer
schützen. Dann greift der weisse König mit Kf2 den Lg2 an, dieser weicht
nach h3 aus, aber nach Kg3 sind der Lh3 und der Th8 angegriffen.} ({Aber ja
nicht} 20. Qxh8 $4 Bb4+ 21. c3 Rxh8 22. cxb4 Re8+ {ausgeglichen}) 20... Kb7 21.
Kf2 Bxf3 {Reine Verzweiflung, weil Schwarz wie erwähnt den Läufer nicht
retten kann.} 22. Kxf3 Rg8 23. a4 {Will die a-Linie für seinen Turm öffnen
und den luftig stehenden schwarzen König in wenigen Zügen erledigen.} b4 {
Schwarz macht dem Gegner den Gefallen nicht, was aber nichts ändert an seiner
verlorenen Stellung.} 24. Qe3 Rg7 25. a5 {Nun will die weisse Dame auf b6
einbrechen. Weiss hat bereits Mattangriff, gegen den kein Kraut gewachsen ist.}
c5 26. Qe6 {Weiss hat Mattangriff.} Rd4 {***AUFGEGEBEN***} 1-0